| 000 | 00465nam a2200133Ia 4500 | ||
|---|---|---|---|
| 008 | 170221s9999 xx 000 0 und d | ||
| 100 | _aWild, Susan. | ||
| 245 | _aAccounting for Heritage, Cultural and Community Assets – Alternative Metrics from a New Zealand Māori Educational Institution | ||
| 245 | _cSusan Wild. | ||
| 260 | _c2012 | ||
| 300 | _a32 : 3 | ||
| 650 | _xBusiness | ||
| 856 | _uhttp://ro.uow.edu.au/cgi/viewcontent.cgi?article=1422&context=aabfj | ||
| 999 |
_c311192 _d311192 |
||